000 00968nam a2200253Ia 4500
003 OSt
005 20220923215533.0
006 a|||||r|||| 00| 0
007 ta
008 220922b |||||||| |||| 00| 0 hin d
024 _a179,585
037 _cTextual
040 _aARTS
_cARTS
_bhin
041 _2hin
_ahin
082 _aO152,1J24,1, L4
100 _aमिश्र, मोहनलाल
_9156279
245 0 _aश्रृंगार सागर, संपा - मालचन्द्राव लेलंग
246 _aShrṛuangār sāgara, sanpā0 - mālachandrāv lelanga
260 _aऔरंगाबाद
_b पद्माकर अनुसंधानशाला सुषमा निकंुज
_c1974
300 _a353 पृ.
_ccm.
650 _aहिन्दी साहित्य
_9156264
942 _hO152,1J24,1, L4
_cTEXL
_2CC
999 _c332966
_d332966